000 00440nam a2200181Ia 4500
001 3316
005 20260306145634.0
008 260306t2012||||xx |||||||||||||| ||spa||
041 _aESP
082 _a269.43
_bS17
100 _aSalvarani, Francesco
_eAUT
245 0 _aEdith Stein:
_bhija de Israel y de la iglesia
260 _c2012
300 _a381 páginas :
_c24 cm.
650 _aGEN
654 _aCHU
942 _cLIB
_dJUS
_fJUS
_2ddc
_n
999 _c3316
_d3316